000 00607nam a2200241 i 4500
001 C2-0275671
003 PPAK
005 20180728004355.0
008 061106s2006 enk |||| ||||| | eng d
020 _a074944505X
040 _aPPAK
_beng
_cPPAK
_erda
082 0 4 _a332.4
_223
090 0 0 _a332.4
_bDOU
_dG
100 1 _aDoughty, Michelle,
_eauthor
245 1 4 _aThe joy of money
264 1 _aLondon :
_bKogan Page ,
_c2006
300 _a230 pages ;
_c22 cm
336 _2rdacontent
_atext
337 _2rdamedia
_aunmediated
338 _2rdacarrier
_avolume
650 1 0 _aMoney.
942 _ddc
_cB
999 _c83287
_d83287